000 00492cam a22001935a 4500
001 L140763
008 071010s1836 xxk eng u
035 _a(Sirsi) u140763
041 0 _aeng
100 1 _aReeves, Charles
245 0 0 _aWard of Farringdon Without [poll returns]
260 _aLondon
_bC. Wood
_c1836
300 _a1 sheet
_c22 x 28 cm.
340 _aPrinted
351 _cSingle item
500 _aPoll return dated 21 December 1836.
651 4 _aLondon
942 _n0
999 _c116463
_d116463